[Event "I Torneo delle Nazioni"]
[Site "Castelvecchio Pascoli - Barga ITA"]
[Date "1975.04.??"]
[Round "?"]
[White "Cosulich, Roberto"]
[Black "Suba, Mihai"]
[Result "1/2-1/2"]
[WhiteElo "2430"]
[BlackElo "2470"]
[PlyCount "46"]
[EventDate "1975.04.??"]

1. e4 Nf6 2. e5 Nd5 3. d4 d6 4. c4 Nb6 5. exd6 cxd6 6. Nf3 g6 7. Be2 Bg7 8. O-O
O-O 9. Nc3 Nc6 10. h3 Bf5 11. Be3 d5 12. c5 Nc4 13. Bxc4 dxc4 14. Qa4 Bd3 15.
Rfd1 Qa5 16. Qxa5 Nxa5 17. Ne1 Bf5 18. g4 Bd7 19. d5 f5 20. f3 Rac8 21. Rd2 Rf7
22. Ne2 c3 23. bxc3 Nc4 1/2-1/2

[Event "I Torneo delle Nazioni"]
[Site "Castelvecchio Pascoli - Barga ITA"]
[Date "1975.04.??"]
[Round "?"]
[White "Ghinda, Mihail-Viorel"]
[Black "Bajec, Ivo"]
[Result "1/2-1/2"]
[WhiteElo "2300"]
[BlackElo "2380"]
[PlyCount "125"]
[EventDate "1975.04.??"]

1. e4 e5 2. Nf3 Nc6 3. Bb5 a6 4. Bxc6 dxc6 5. O-O Bd6 6. d4 exd4 7. Qxd4 f6 8.
e5 fxe5 9. Nxe5 Qf6 10. Re1 Ne7 11. Nd2 O-O 12. Ndf3 Ng6 13. Nc4 Qf5 14. Nxd6
cxd6 15. Bd2 Qf6 16. Qb6 h6 17. Bc3 Qf7 18. Qd4 Bf5 19. Qxd6 Bxc2 20. Qg3 Rfe8
21. h4 Qf4 22. Kh2 Qxg3+ 23. Kxg3 Ne7 24. Kh2 Nd5 25. Be5 Re7 26. Nd4 Bg6 27.
a3 Rae8 28. Nf3 Bh5 29. Bd6 Re6 30. Rxe6 Rxe6 31. Bg3 Bxf3 32. gxf3 Re2 33. b4
h5 34. Kg2 Kf7 35. Kf1 Rc2 36. Be5 Rc4 37. Bg3 Rc2 38. Ke1 Kf6 39. Kd1 Rb2 40.
Kc1 Re2 41. Rb1 Re1+ 42. Kc2 Rxb1 43. Kxb1 Ke6 44. Kc2 Ne7 45. Kd3 Kd5 46. Ke3
Ng6 47. Kd3 b6 48. Bc7 Nxh4 49. Bxb6 Ng2 50. Be3 Nxe3 51. fxe3 g5 52. Ke2 g4
53. fxg4 hxg4 54. Kf2 Ke4 55. Kg3 Kxe3 56. Kxg4 Kd3 57. Kf3 Kc3 58. Ke4 Kb3 59.
Kd4 Kxa3 60. Kc3 Ka2 61. Kc2 Ka3 62. Kc3 Ka4 63. Kc4 1/2-1/2

[Event "I Torneo delle Nazioni"]
[Site "Castelvecchio Pascoli - Barga ITA"]
[Date "1975.04.??"]
[Round "?"]
[White "Urzica, Aurel"]
[Black "Toth, Bela"]
[Result "0-1"]
[WhiteElo "2250"]
[BlackElo "2375"]
[PlyCount "24"]
[EventDate "1975.04.??"]

1. e4 e5 2. Nf3 Nf6 3. Nxe5 d6 4. Nf3 Nxe4 5. d4 d5 6. Bd3 Be7 7. h3 Nc6 8. O-O
O-O 9. c3 Bf5 10. Qc2 Qd6 11. g4 Bg6 12. Nh2 Nxf2 0-1